000 00757nam a2200217Ia 4500
003 GCL
008 140319s9999 xx 000 0 ara d
040 _aGCL /
_cGCL
082 0 4 _a792.9
_bا م
100 1 _aحامد احمد غانم
245 1 0 _aالمسرح المعارض , دفاع عن المسرح الالمانى المعاصر /
_cحامد احمد غانم
700 1 _aايرين، بيتر
300 _a177 ص
490 _aالهيئة العامة للاستعلامات
_v0
650 0 4 _aالعصر الحديث
650 0 4 _aالادب الالمانى
650 0 4 _aالعصر الحجرى
650 0 4 _aالمسرح الالمانى
650 0 4 _aالمسرحيات الالمانية-تاريخ ونقد
942 _2ddc
_cBK
999 _c50116
_d50116